LIBRARY & INFORMATION CENTRE, KCAET, TAVANUR

ONLINE PUBLIC ACCESS CATALOGUE (OPAC)

Dictionary of Agriculture (Record no. 14507)

MARC details
000 -LEADER
fixed length control field 00281nam a22001217a 4500
020 ## - INTERNATIONAL STANDARD BOOK NUMBER
ISBN 8185461740
082 ## - DEWEY DECIMAL CLASSIFICATION NUMBER
Classification number 630
Item number STE/DI
245 ## - TITLE STATEMENT
Title Dictionary of Agriculture
260 ## - PUBLICATION, DISTRIBUTION, ETC. (IMPRINT)
Place of publication New Delhi
Name of publisher Universal Book Stall
Year of publication 1996
300 ## - PHYSICAL DESCRIPTION
Number of Pages 260
700 ## - ADDED ENTRY--PERSONAL NAME
Personal name Stephens,Alan
942 ## - ADDED ENTRY ELEMENTS (KOHA)
Koha item type Reference
Holdings
Withdrawn status Lost status Damaged status Collection code Home library Current library Shelving location Date acquired Source of acquisition Cost, normal purchase price Full call number Accession Number Koha item type
      Reference KAUAET KAUAET Reference 12/07/2016 Aman Book Stall, Calicut 85.00 630 STE/DI 24947 Reference
free website counter